Urban Renewal in Hong Kong (Record no. 100152)
[ view plain ]
| 000 -LEADER | |
|---|---|
| fixed length control field | 01298cam a2200277 4500 |
| 008 - FIXED-LENGTH DATA ELEMENTS--GENERAL INFORMATION | |
| fixed length control field | 000000n2000 000 0 eng u |
| 020 ## - INTERNATIONAL STANDARD BOOK NUMBER | |
| International Standard Book Number | 0854069895 |
| 022 ## - INTERNATIONAL STANDARD SERIAL NUMBER | |
| International Standard Serial Number | 1354-506X |
| 035 ## - SYSTEM CONTROL NUMBER | |
| System control number | (Sirsi) u103743 |
| 041 ## - LANGUAGE CODE | |
| Language code of text/sound track or separate title | ENG |
| 050 ## - LIBRARY OF CONGRESS CALL NUMBER | |
| Classification number | 711.52095125 |
| -- | 18 |
| 100 ## - MAIN ENTRY--PERSONAL NAME | |
| Personal name | Adams, David |
| 245 ## - TITLE STATEMENT | |
| Title | Urban Renewal in Hong Kong |
| Remainder of title | the record of the Land Development Corporation. |
| 260 ## - PUBLICATION, DISTRIBUTION, ETC. | |
| Place of publication, distribution, etc. | London |
| Name of publisher, distributor, etc. | RICS Research Foundation |
| Date of publication, distribution, etc. | 2000 |
| 300 ## - PHYSICAL DESCRIPTION | |
| Extent | 40p. |
| Other physical details | ill. |
| Dimensions | 30cm. |
| 490 ## - SERIES STATEMENT | |
| Series statement | RICS Foundation Research Papers |
| Volume/sequential designation | 3(7) |
| 520 ## - SUMMARY, ETC. | |
| Summary, etc. | Evaluates the record of the Land Development Corporation, established by the Hong Kong Government in 1988 to undertake, encourage, promote and faciliate urban renewal. Concludes, that if the pressing need for comprehensive restructuring and renewal of older Hong Kong is to be taken seriously by the Government of the new Special Administrative Region, then it will be necessary both to ensure proper organisational arrangements for urban renewal and to accord social and environmental considerations equal importance to financial demands in urban policy. |
| 650 ## - SUBJECT ADDED ENTRY--TOPICAL TERM | |
| Topical term or geographic name entry element | ASIA |
| 650 ## - SUBJECT ADDED ENTRY--TOPICAL TERM | |
| Topical term or geographic name entry element | URBAN DEVELOPMENT |
| 650 ## - SUBJECT ADDED ENTRY--TOPICAL TERM | |
| Topical term or geographic name entry element | URBAN RENEWAL |
| 650 ## - SUBJECT ADDED ENTRY--TOPICAL TERM | |
| Topical term or geographic name entry element | PLANNING |
| 650 ## - SUBJECT ADDED ENTRY--TOPICAL TERM | |
| Topical term or geographic name entry element | HONG KONG |
| 690 ## - LOCAL SUBJECT ADDED ENTRY--TOPICAL TERM (OCLC, RLIN) | |
| Topical term or geographic name as entry element | REGENERATION |
| 700 ## - ADDED ENTRY--PERSONAL NAME | |
| Personal name | Hastings, E.M. |
| 942 ## - ADDED ENTRY ELEMENTS (KOHA) | |
| Suppress in OPAC | 0 |
| Withdrawn status | Lost status | Source of classification or shelving scheme | Damaged status | Not for loan | Home library | Current library | Shelving location | Date acquired | Total Checkouts | Full call number | Barcode | Date last seen | Copy number | Price effective from | Koha item type | Date last checked out |
|---|---|---|---|---|---|---|---|---|---|---|---|---|---|---|---|---|
| Dewey Decimal Classification | London | London | RICS Boxes | 24/01/2000 | RICS 2000/5 | 30060549 | 06/08/2019 | 1 | 06/08/2019 | Archive | ||||||
| Dewey Decimal Classification | London | London | RICS Boxes | 24/01/2000 | RICS 2000/5 | 30060550 | 06/08/2019 | 2 | 06/08/2019 | Reference material | ||||||
| Dewey Decimal Classification | London | London | RICS Boxes | 24/01/2000 | 1 | RICS 2000/5 | 30060551 | 06/08/2019 | 3 | 06/08/2019 | Book | 16/06/2000 |